| 000 | 00810nam a22002537a 4500 | ||
|---|---|---|---|
| 003 | DO-SdBPM | ||
| 005 | 20260512121948.0 | ||
| 007 | ta | ||
| 008 | 161031b2006 xx a 1 00| 0 spa d | ||
| 020 | _a0765277387 | ||
| 040 |
_aDO-SdBPM _bspa _cBPMSU _d _erda |
||
| 082 | 0 | 4 |
_a372.357 _bS849 _222 |
| 100 | 1 | _aStewart, Sharon | |
| 245 | 1 | 0 |
_aSalvemos nuestra tierra / _cSharon Stewart |
| 260 |
_aEstados Unidos : _bCelebration Press, _bPearson Learning Group , _c2006. |
||
| 300 |
_a32 p. : _bil. ; _c25 cm. |
||
| 490 | 1 | _aiOpeners | |
| 500 | _aIncluye índice | ||
| 500 | _aIncluye glosario | ||
| 650 | 7 |
_aConservación de la naturaleza _vLiteratura infantil |
|
| 650 | 7 |
_aConservación de los recursos naturales _vLiteratura infantil |
|
| 910 | _aVMateo V. Control de calidad. BPMSU | ||
| 942 |
_2ddc _cBK |
||
| 999 |
_c12619 _d12619 |
||